[Event "17PCR_ZK05"]
[Site "?"]
[Date "2007.??.??"]
[Round "?"]
[White "Trs, Jan"]
[Black "Hampl, Bohumil"]
[Result "1-0"]
[WhiteElo "2255"]
[BlackElo "1930"]
[PlyCount "49"]
[EventDate "2007.??.??"]
[EventType "corr"]
[EventRounds "2"]
[SourceDate "2007.06.28"]

1. c4 Nf6 2. Nc3 g6 3. e4 e5 4. g3 c6 5. Bg2 Bg7 6. Nge2 O-O 7. O-O d6 8. d4
exd4 9. Nxd4 Qb6 10. Nb3 Qb4 11. Bf4 Ne8 12. c5 dxc5 13. a3 Qb6 14. Na4 Qb5 15.
Naxc5 Nd7 16. a4 Qb6 17. Nxd7 Bxd7 18. a5 Qb5 19. Qxd7 {Odhad} Qxb3 20. e5 a6
21. Rfc1 Qb4 22. Bf1 c5 23. Bg2 Rb8 24. Qe7 Qxb2 25. Rab1 1-0

[Event "17PCR_ZK05"]
[Site "?"]
[Date "2007.??.??"]
[Round "?"]
[White "Pressl, Ladislav"]
[Black "Trs, Jan"]
[Result "0-1"]
[WhiteElo "1963"]
[BlackElo "2255"]
[PlyCount "48"]
[EventDate "2007.??.??"]
[EventType "corr"]
[EventRounds "2"]
[SourceDate "2007.06.28"]

1. e4 c6 2. d4 d5 3. Nc3 dxe4 4. Nxe4 Bf5 5. Ng3 Bg6 6. Nf3 Nd7 7. h4 h6 8. h5
Bh7 9. Bd3 Bxd3 10. Qxd3 e6 11. Bd2 Ngf6 12. Qe2 Qc7 13. c4 Bd6 14. Nf5 Bf4 15.
Nxg7+ Kf8 16. Bxf4 Qxf4 17. Rh4 Qd6 18. Nxe6+ Qxe6 19. Qxe6 {Odhad} fxe6 20.
Rd1 Rg8 21. Rh2 Re8 22. Ne5 Nxe5 23. dxe5 Ng4 24. Rh4 Ke7 0-1

[Event "17PCR_ZK05"]
[Site "?"]
[Date "2007.??.??"]
[Round "?"]
[White "Trs, Jan"]
[Black "Pressl, Ladislav"]
[Result "1-0"]
[WhiteElo "2255"]
[BlackElo "1963"]
[PlyCount "39"]
[EventDate "2007.??.??"]
[EventType "corr"]
[EventRounds "2"]
[SourceDate "2007.06.28"]

1. d4 Nf6 2. c4 g6 3. Nc3 Bg7 4. e4 d6 5. Nf3 O-O 6. Be2 e5 7. O-O Nc6 8. d5
Ne7 9. Ne1 Nd7 10. Nd3 a5 11. Rb1 c6 12. Be3 f5 13. f3 fxe4 14. fxe4 Rxf1+ 15.
Qxf1 Nf6 16. Bg5 Nd7 17. Qf2 h6 18. Be3 a4 19. Rf1 {Odhad} Qe8 20. c5 1-0

[Event "17PCR_ZK05"]
[Site "?"]
[Date "2007.??.??"]
[Round "?"]
[White "Goc, Pavel"]
[Black "Trs, Jan"]
[Result "0-1"]
[WhiteElo "2145"]
[BlackElo "2255"]
[PlyCount "110"]
[EventDate "2007.??.??"]
[EventType "corr"]
[EventRounds "2"]
[SourceDate "2007.06.28"]

1. e4 c5 2. Nf3 d6 3. d4 cxd4 4. Nxd4 Nf6 5. Nc3 Nc6 6. Bg5 e6 7. Qd2 a6 8.
O-O-O h6 9. Be3 Be7 10. f3 Nxd4 11. Bxd4 b5 12. Kb1 Rb8 13. e5 dxe5 14. Bxe5
Qxd2 15. Rxd2 Rb7 16. Bd3 O-O 17. Rhd1 Rd7 18. Bxf6 Bxf6 19. Bh7+ {Odhad} Kxh7
20. Rxd7 Bxd7 21. Rxd7 Bxc3 22. bxc3 Kg6 23. Rd6 a5 24. Rb6 Rd8 25. Rxb5 Rd2
26. Rxa5 Rxg2 27. a4 Rxh2 28. Rb5 h5 29. a5 Rd2 30. a6 Rd8 31. Rb4 Kf5 32. a7
Ra8 33. Rb7 Kf6 34. Kc1 h4 35. Kd2 h3 36. Ke3 h2 37. Rb1 Rxa7 38. Rh1 Rc7 39.
Kd4 e5+ 40. Kd3 Kf5 41. Rxh2 Kf4 42. Rh3 f5 43. c4 g5 44. Kc3 Ke3 45. Kb4 f4
46. c5 e4 47. fxe4+ f3 48. Kb5 g4 49. Rg3 Kf4 50. Rg1 f2 51. Rf1 g3 52. Kb6
Rxc5 53. Kxc5 Kxe4 54. Kb5 Kf3 55. c4 g2 0-1

[Event "17PCR_ZK05"]
[Site "?"]
[Date "2007.??.??"]
[Round "?"]
[White "Trs, Jan"]
[Black "Goc, Pavel"]
[Result "1-0"]
[WhiteElo "2255"]
[BlackElo "2145"]
[PlyCount "75"]
[EventDate "2007.??.??"]
[EventType "corr"]
[EventRounds "2"]
[SourceDate "2007.06.28"]

1. e4 e5 2. Nf3 Nc6 3. Bb5 a6 4. Ba4 Nf6 5. O-O b5 6. Bb3 Bb7 7. Re1 Bc5 8. c3
d6 9. d4 Bb6 10. Bg5 h6 11. Bh4 Qe7 12. a4 g5 13. Bg3 h5 14. h4 g4 15. Ng5 Nd8
16. axb5 axb5 17. Rxa8 Bxa8 18. f4 exf4 19. Bxf4 {Odhad} Nd7 20. Na3 Bb7 21.
Nxb5 f6 22. e5 dxe5 23. Kh1 Bc6 24. dxe5 fxe5 25. Nd4 Rf8 26. Qb1 Qd6 27. Bg3
Bb7 28. Ba4 c6 29. Nf5 Qd5 30. b4 Ba6 31. Rd1 Qg8 32. Bb3 Qh8 33. Nd6+ Ke7 34.
Qg6 Bc7 35. Nge4 Rf1+ 36. Rxf1 Bxf1 37. Nf5+ Kf8 38. Ned6 1-0

[Event "17PCR_ZK05"]
[Site "?"]
[Date "2007.??.??"]
[Round "?"]
[White "Houdek, Vladimir"]
[Black "Trs, Jan"]
[Result "1/2-1/2"]
[WhiteElo "2185"]
[BlackElo "2255"]
[PlyCount "41"]
[EventDate "2007.??.??"]
[EventType "corr"]
[EventRounds "2"]
[SourceDate "2007.06.28"]

1. d4 Nf6 2. c4 g6 3. g3 Bg7 4. Bg2 d5 5. cxd5 Nxd5 6. Nf3 O-O 7. O-O Nb6 8.
Nc3 Nc6 9. e3 Re8 10. b3 e5 11. Nxe5 Nxe5 12. dxe5 Bxe5 13. Bb2 Qe7 14. Qc2 c6
15. Rad1 Be6 16. f4 Bg7 17. e4 f5 18. e5 Rad8 19. h3 {Odhad} h6 20. Kh2 Bf8 21.
Rfe1 1/2-1/2

[Event "17PCR_ZK05"]
[Site "?"]
[Date "2007.??.??"]
[Round "?"]
[White "Trs, Jan"]
[Black "Houdek, Vladimir"]
[Result "1/2-1/2"]
[WhiteElo "2255"]
[BlackElo "2185"]
[PlyCount "42"]
[EventDate "2007.??.??"]
[EventType "corr"]
[EventRounds "2"]
[SourceDate "2007.06.28"]

1. c4 e5 2. Nc3 Nf6 3. Nf3 Nc6 4. d3 d5 5. cxd5 Nxd5 6. g3 Be7 7. Bg2 Be6 8.
O-O O-O 9. Bd2 Nb6 10. Rc1 f5 11. a3 Bf6 12. b4 a6 13. Ne1 Nd4 14. Rb1 Rb8 15.
f4 exf4 16. Bxf4 Qd7 17. Rf2 Kh8 18. a4 Rfe8 19. e4 {Odhad} fxe4 20. dxe4 Rbd8
21. e5 Bg4 1/2-1/2